000 00215nam a22000857a 4500
008 170209b xxu||||| |||| 00| 0 eng d
100 _92821
_aCBSE
245 _aSecondary School Curriculum
260 _aNew delhi
_bCBSE
_c2007
999 _c6039
_d6039